Prezydenci USA podczas "Zimnej Wojny" - Statystyki

Ogólne statystyki
  • Ten quiz został rozwiązany 42 razy
  • Średni wynik to 7 z 9
Statystyki odpowiedzi
Rok Imiona Prezydentów % Poprawnych
1981-1989 Ronald Reagan
92%
1961-1963 John Kennedy
89%
1989-1993 George H.W. Bush
87%
1945-1953 Harry Truman
87%
1969-1974 Richard Nixon
84%
1953-1961 Dwight Eisenhower
82%
1974-1977 Gerald Ford
76%
1977-1981 Jimmy Carter
71%
1963-1969 Lyndon Johnson
71%
Nie znaleziono quizów pasujących do podanych kryteriów
Rozkład punktacji
Procent ludzi z każdym wynikiem
Percentyl według liczby udzielonych odpowiedzi
Twoja historia wyników
Nie rozwiązałeś tego quizu